ARRUPE JESUIT UNIVERSITY

CORONAVIRUS -STOP THE SPREAD - CLEAN,DISINFECT,COVER

Sanctuary (Record no. 120509)

MARC details
000 -LEADER
fixed length control field 01084cam a2200265M 4500
001 - CONTROL NUMBER
control field 2684563
003 - CONTROL NUMBER IDENTIFIER
control field ARRUPE
005 - DATE AND TIME OF LATEST TRANSACTION
control field 20140515141813.0
008 - FIXED-LENGTH DATA ELEMENTS--GENERAL INFORMATION
fixed length control field 880811s1941 sa bcf 000 0 eng d
035 ## - SYSTEM CONTROL NUMBER
System control number (OCoLC)ocm25939670
035 ## - SYSTEM CONTROL NUMBER
System control number (NNC)2684563
040 ## - CATALOGING SOURCE
Original cataloging agency INU
Transcribing agency INU
Modifying agency OCL
-- ZCU
043 ## - GEOGRAPHIC AREA CODE
Geographic area code f-sa---
099 ## - LOCAL FREE-TEXT CALL NUMBER (OCLC)
Classification number 968.2
-- St67
300 ## - PHYSICAL DESCRIPTION
Other physical details incl. plates, maps, ports.
Dimensions 25 cm.
100 1# - MAIN ENTRY--PERSONAL NAME
Personal name Stokes, C. S.
Fuller form of name (Charles Selwyn)
9 (RLIN) 10254
245 10 - TITLE STATEMENT
Title Sanctuary
Remainder of title ... with a foreword by her Royal Highness the Crown Princess of Greece;
Statement of responsibility, etc an appreciatory note by F. C. Sturrock, an introduction by P. N. Barrett, a preface by J. Stevenson-Hamilton, and some forty poems by C. S. Stokes.
260 ## - PUBLICATION, DISTRIBUTION, ETC. (IMPRINT)
Place of publication, distribution, etc Cape Town,
Name of publisher, distributor, etc "Sanctuary" Production Committee,
Date of publication, distribution, etc 1941.
300 ## - PHYSICAL DESCRIPTION
Extent 480 p.
500 ## - GENERAL NOTE
General note "Issued under the patronage of Field Marshall the Right Hon. J. C. Smuts ... and Mrs. Smuts."
650 #0 - SUBJECT ADDED ENTRY--TOPICAL TERM
Topical term or geographic name as entry element Zoology
Geographic subdivision South Africa
-- Transvaal.
9 (RLIN) 10255
650 #0 - SUBJECT ADDED ENTRY--TOPICAL TERM
Topical term or geographic name as entry element Wildlife conservation.
9 (RLIN) 10256
651 #0 - SUBJECT ADDED ENTRY--GEOGRAPHIC NAME
Geographic name Kruger National Park (South Africa)
9 (RLIN) 10257
942 ## - ADDED ENTRY ELEMENTS (KOHA)
Source of classification or shelving scheme Library of Congress Classification
Koha item type REFERENCE
Holdings
Withdrawn status Lost status Source of classification or shelving scheme Damaged status Not for loan Collection code Home library Current library Shelving location Date acquired Total Checkouts Full call number Barcode Date last seen Price effective from Koha item type
    Library of Congress Classification     SPECIAL Collection ARRUPE LIBRARY ARRUPE LIBRARY Main Collection 15/05/2014   SPC QL337.T75 S7 46500000762 15/05/2014 15/05/2014 REFERENCE

 

Arrupe Library. PO Box MP320 Mt Pleasant, Harare, Zimbabwe
263 242 745411|librarian@aju.ac.zw